| 000 | 00739nam a22002417a 4500 | ||
|---|---|---|---|
| 003 | OSt | ||
| 005 | 20180116192412.0 | ||
| 008 | 121206t1998 xxu||||| |||| 00| 0 eng d | ||
| 020 | _a9780866366434 | ||
| 020 | _a0866366431 | ||
| 040 | _c0 | ||
| 082 | _a725.85 | ||
| 100 | 1 |
_aFogarty, Kate Hensler _96083 |
|
| 245 | 1 |
_aHealth clubs : _barchitecture & design / _cKate Hensler. |
|
| 250 | _a illustrated edition | ||
| 260 |
_aNew York : _bSt. Martin's Press, _c1998 |
||
| 300 |
_a 175 p. : _bill; _c28 cm. |
||
| 500 | _aIllustrated. | ||
| 650 |
_aPhysical fitness centers _96084 |
||
| 650 |
_aPhysical fitness centers _xDesign and construction _96085 |
||
| 942 |
_2ddc _cBK |
||
| 999 |
_c353585 _d353585 |
||